| 000 | 00428nam a22001697a 4500 | ||
|---|---|---|---|
| 003 | NUST - PNEC | ||
| 005 | 20170116181030.0 | ||
| 008 | 150919b xxu||||| |||| 00| 0 eng d | ||
| 020 | _a0070420394 | ||
| 040 | _cLIBRARY | ||
| 082 |
_22nd _a621.406 YAH |
||
| 100 |
_95863 _aYahya, S. M |
||
| 245 |
_aTurbines compressors and fans _cS. M. Yahya |
||
| 648 |
_911008 _aTurbines |
||
| 650 |
_911011 _aTurbines _xME |
||
| 942 |
_2ddc _cBK |
||
| 999 |
_c67693 _d67693 |
||